Statistiques concernant Les pays contenant entre 70 % et 80 % de catholiques

Cliquez ici pour prendre le quiz!

Statistiques générales

  • Ce quiz a été pris 30 fois
    (29 depuis la dernière actualisation)
  • Le résultat moyen est 2 sur 10

Statistiques - réponses

HintRéponse% Correct
76,0 %Espagne
86%
75,0 %Colombie
43%
71,0 %Croatie
25%
72,2 %Guatemala
21%
71,6 %Salvador
21%
75,3 %Honduras
18%
73,6 %Autriche
11%
73,7%Slovaquie
11%
77,2 %Lituanie
7%
79,7 %Guinée Équatoriale
0%

Distribution des résultats

Percentile par nombre de réponses

% des personnes avec chaque résultat

Votre développement - résultats

Vous n’avez pas pris ce quiz depuis la dernière actualisation